000 00862nmc a2200301 a 4500
003 AR-BaBNM
005 20251128205600.0
008 011101s1994 ||||||||||||||000 | spa||
020 _a950-808-037-X
040 _cAR-BaBNM
100 1 _aSanjurjo, Liliana Olga
245 1 0 _aAprendizaje significativo y enseñanza en los niveles medio y superior
260 _aRosario
_bHomo Sapiens Ediciones
_c1994
300 0 _a165 p.
_bil., diagr.
490 0 _aEducación
650 4 _aTEORIAS DEL APRENDIZAJE
650 4 _aDIDACTICA
650 4 _aSOLUCION DE PROBLEMAS
650 4 _aCURRICULO
650 4 _aEVALUACION
653 0 _aAPRENDIZAJE SIGNIFICATIVO
653 0 _aEDUCACION SECUNDARIA
653 0 _aEDUCACION SUPERIOR
700 1 _aVera, María Teresita
700 1 _aAvendaño, Fernando Carlos
_eprologuista
942 _cBK
998 _cSILVI
999 _c11988
_d11988